[Event "AUTO-ADV-4212"]
[Site "http://www.queenalice.com/game.php?id=1584673"]
[Date "2019.9.25"]
[Round "2"]
[White "roqqk"]
[Black "otavio01"]
[Result "0-1"]
[WhiteElo "1646"]
[BlackElo "1868"]

1. e4 e5 2. Nf3 Nc6 3. Bc4 h6 4. a3 Bc5 5. c3 Nf6 6. d3 Ng4 7. d4 exd4 8. h3 Nf6
9. cxd4 Bb6 10. O-O Nxe4 11. Re1 f5 12. Ne5 Nxe5 13. Rxe4 fxe4 14. dxe5 Qh4 15.
Be3 Bxe3 16. fxe3 d6 17. Qf1 Rf8 18. Qe2 c6 19. Nc3 d5 20. Ba2 Be6 21. Na4 O-O-O
22. Nc5 Bxh3 23. gxh3 Qg3+ 24. Qg2 Qxe3+ 25. Kh1 Rf2 26. Qg4+ Kb8 27. e6 Qxc5
28. e7 Re8 29. Qg3+ Ka8 30. Qxg7 Qxe7 31. Qxh6 e3 32. Kg1 Rg8+ 33. Kh1 Qe4# 0-1

[Event "AUTO-ADV-4212"]
[Site "http://www.queenalice.com/game.php?id=1584676"]
[Date "2019.9.25"]
[Round "2"]
[White "roqqk"]
[Black "jupar"]
[Result "0-1"]
[WhiteElo "1680"]
[BlackElo "2100"]

1. e4 e5 2. Nf3 Nc6 3. Bc4 Nf6 4. Ng5 d5 5. exd5 Na5 6. Qe2 Bd6 7. a3 Nxc4 8.
Qxc4 O-O 9. Nc3 Bf5 10. h3 h6 11. g4 Bxc2 12. d3 hxg5 13. Ne4 Bxd3 14. Qxd3 Nxe4
15. Qxe4 c6 16. h4 Qa5+ 17. Bd2 Qxd5 18. Qxd5 cxd5 19. hxg5 g6 20. Bc3 d4 21.
Ba5 b6 22. Bb4 Bc5 23. Bd2 a5 24. a4 Kg7 25. O-O-O Rac8 26. Kb1 e4 27. Rhe1 Rfe8
28. Bf4 Rcd8 29. Rd2 Bb4 30. Red1 Bxd2 31. Bxd2 e3 32. Be1 e2 33. Rd3 Re4 34. f3
Re3 35. Rxd4 Rxd4 36. Ka2 Rd1 37. Bf2 e1=Q 38. Bxe1 Rexe1 39. f4 Re4 0-1

[Event "AUTO-ADV-4212"]
[Site "http://www.queenalice.com/game.php?id=1584677"]
[Date "2019.9.25"]
[Round "2"]
[White "jupar"]
[Black "roqqk"]
[Result "1-0"]
[WhiteElo "2167"]
[BlackElo "1678"]

1. e4 e5 2. Nf3 d6 3. Bc4 h6 4. d4 exd4 5. Nxd4 Nf6 6. Nc3 a6 7. a4 Be7 8. h3
O-O 9. O-O Nbd7 10. Be3 Nc5 11. Bd3 d5 12. e5 Nfe4 13. Nce2 Bg5 14. f4 Bh4 15.
Nf3 Nxd3 16. cxd3 Ng3 17. Nxg3 Bxg3 18. b4 c6 19. Bc5 Re8 20. Qd2 Rb8 21. a5 Bf5
22. Nd4 Qh4 23. Nxf5 Qd8 24. Nxg3 g6 25. Bd4 f5 26. Qc3 Qh4 27. Rf3 Rf8 28. Bc5
Rfe8 29. Re1 b5 30. Bf2 Qe7 31. d4 g5 32. Nxf5 Qh7 33. Nd6 Re6 34. f5 Rxd6 35.
exd6 Qb7 36. Re7 Qc8 37. Rc7 Qd8 38. Qxc6 h5 39. Re3 Kf8 40. Re6 Kg8 41. Ree7
Qf8 42. Qxd5+ Kh8 43. Rh7# 1-0

[Event "AUTO-OPEN-4102"]
[Site "http://www.queenalice.com/game.php?id=1586513"]
[Date "2019.10.11"]
[Round "1"]
[White "pizzaiolo72"]
[Black "roqqk"]
[Result "1-0"]
[WhiteElo "2129"]
[BlackElo "1650"]

1. e4 e5 2. Nf3 Nc6 3. Bb5 Qf6 4. Nc3 d6 5. Nd5 Qd8 6. O-O Bd7 7. d4 a6 8. Bxc6
Bxc6 9. dxe5 Bxd5 10. exd5 h6 11. Re1 Ne7 12. Bf4 g5 13. exd6 cxd6 14. Bg3 Bg7
15. c3 Qb6 16. Qa4+ Kd8 17. h3 Nxd5 18. Rad1 Nc7 19. Rxd6+ Qxd6 20. Bxd6 b5 21.
Qa5 Ra7 22. Re7 Bf8 23. Rxc7 Rxc7 24. Qxc7+ 1-0

[Event "AUTO-OPEN-4102"]
[Site "http://www.queenalice.com/game.php?id=1586514"]
[Date "2019.10.11"]
[Round "1"]
[White "roqqk"]
[Black "pizzaiolo72"]
[Result "0-1"]
[WhiteElo "1676"]
[BlackElo "2180"]

1. e4 e5 2. Nf3 Nc6 3. Bc4 Nf6 4. Ng5 d5 5. exd5 Nxd5 6. d3 Be6 7. Nc3 Nxc3 8.
Nxe6 Nxd1 9. Nxd8 Rxd8 10. Rb1 Nxf2 11. Kxf2 Bc5+ 12. Ke1 O-O 13. a3 Rfe8 14.
Rf1 Re7 15. Bg5 Rdd7 16. Bxe7 Rxe7 17. b4 Bd4 18. Bd5 Bc3+ 19. Kd1 Nd4 20. Bxb7
e4 21. Bxe4 f5 22. Bxf5 Nxf5 23. Rb3 Ne3+ 24. Kc1 Nxf1 25. Rxc3 Nxh2 26. d4 Ng4
27. d5 Ne3 28. g3 Nxd5 29. Rd3 Nb6 30. Kb2 Re3 31. Rxe3 Nc4+ 32. Kc3 Nxe3 33.
Kd3 Nf5 34. g4 Nh6 35. g5 Nf7 36. c4 Nxg5 37. Ke3 Kf7 38. a4 Ke7 39. c5 Ne6 40.
a5 Kd7 41. Ke4 h5 42. Kf3 Kc6 43. Ke4 h4 44. Kf3 Kb5 45. Kg4 g5 46. c6 Kxc6 47.
Kf5 Kb5 48. Kxe6 h3 0-1

[Event "AUTO-OPEN-4102"]
[Site "http://www.queenalice.com/game.php?id=1586555"]
[Date "2019.10.11"]
[Round "1"]
[White "saturnin"]
[Black "roqqk"]
[Result "0-1"]
[WhiteElo "1509"]
[BlackElo "1639"]

1. b4 b5 2. e4 e5 3. a3 a6 4. d3 h6 5. Bb2 Nc6 6. Nf3 Nf6 7. Nxe5 Nxe5 8. Be2
Bd6 9. O-O c5 10. c3 c4 11. d4 Nxe4 12. dxe5 Bxe5 13. Bf3 Bb7 14. Qe2 d5 15.
Bxe4 dxe4 16. Nd2 O-O 17. Nxe4 Qh4 18. g3 Qxe4 19. f3 Qxe2 0-1

[Event "AUTO-OPEN-4102"]
[Site "http://www.queenalice.com/game.php?id=1586556"]
[Date "2019.10.11"]
[Round "1"]
[White "roqqk"]
[Black "saturnin"]
[Result "1-0"]
[WhiteElo "1646"]
[BlackElo "1521"]

1. e4 e5 2. Nf3 Qe7 3. a3 c6 4. Bc4 b5 5. Bb3 c5 6. d3 a5 7. c4 bxc4 8. dxc4 d6
9. Nc3 Ba6 10. Nd5 Qb7 11. Ng5 h6 12. Qh5 g6 13. Qh4 Nc6 14. Ba4 Bg7 15. Nf3 g5
16. Qh5 Nf6 17. Nxf6+ Bxf6 18. b3 O-O-O 19. Bxc6 Qxc6 20. Nd2 Rdf8 21. O-O Bg7
22. f3 f5 23. Re1 fxe4 24. Nxe4 Rf5 25. Qg6 Qd7 26. Nxd6+ Kc7 27. Nxf5 Rg8 28.
Bb2 Kb7 29. Bxe5 1-0